000 00228nam a22000857a 4500
008 160719b xxu||||| |||| 00| 0 eng d
100 _93052
_aMonga P
245 _aComposite Mathematics-VII
260 _aNew Delhi
_bArya Publication
_c2013
999 _c2615
_d2615